Comprehensive and integrative architectural design / (Record no. 6914)

MARC details
000 -LEADER
fixed length control field 02969cam a22003858i 4500
001 - CONTROL NUMBER
control field 22276015
003 - CONTROL NUMBER IDENTIFIER
control field OSt
005 - DATE AND TIME OF LATEST TRANSACTION
control field 20240603053554.0
008 - FIXED-LENGTH DATA ELEMENTS--GENERAL INFORMATION
fixed length control field 211018s2022 nyu b 001 0 eng
010 ## - LIBRARY OF CONGRESS CONTROL NUMBER
LC control number 2021050968
020 ## - INTERNATIONAL STANDARD BOOK NUMBER
International Standard Book Number 9780367766207
Qualifying information (hardback)
020 ## - INTERNATIONAL STANDARD BOOK NUMBER
International Standard Book Number 9780367766214
Qualifying information (paperback)
020 ## - INTERNATIONAL STANDARD BOOK NUMBER
Canceled/invalid ISBN 9781003167778
Qualifying information (ebook)
040 ## - CATALOGING SOURCE
Original cataloging agency DLC
Language of cataloging eng
Description conventions rda
Transcribing agency DLC
042 ## - AUTHENTICATION CODE
Authentication code pcc
050 00 - LIBRARY OF CONGRESS CALL NUMBER
Classification number NA2005
Item number .C48 2022
082 00 - DEWEY DECIMAL CLASSIFICATION NUMBER
Classification number 720.71 C48 2022
Edition number 23/eng/20211027
100 1# - MAIN ENTRY--PERSONAL NAME
Personal name Chiavaroli, Julius J.,
Relator term author.
245 10 - TITLE STATEMENT
Title Comprehensive and integrative architectural design /
Statement of responsibility, etc. Julius J. Chiavaroli, AIA, NCARB, LEED-AP.
263 ## - PROJECTED PUBLICATION DATE
Projected publication date 2202
264 #1 - PRODUCTION, PUBLICATION, DISTRIBUTION, MANUFACTURE, AND COPYRIGHT NOTICE
Place of production, publication, distribution, manufacture New York, NY :
Name of producer, publisher, distributor, manufacturer Routledge,
Date of production, publication, distribution, manufacture, or copyright notice 2022.
300 ## - PHYSICAL DESCRIPTION
Extent 108 pages 28 cm
336 ## - CONTENT TYPE
Content type term text
Content type code txt
Source rdacontent
337 ## - MEDIA TYPE
Media type term unmediated
Media type code n
Source rdamedia
338 ## - CARRIER TYPE
Carrier type term volume
Carrier type code nc
Source rdacarrier
504 ## - BIBLIOGRAPHY, ETC. NOTE
Bibliography, etc. note Includes bibliographical references and index.
505 0# - FORMATTED CONTENTS NOTE
Formatted contents note Programming & analysis -- Project programming & design -- Project development & documentation : overview -- Construction & evaluation -- Summary and conclusions.
520 ## - SUMMARY, ETC.
Summary, etc. "Comprehensive and Integrative Architectural Design addresses integrative design - design that bridges the gap between architectural design and architectural technology. With its roots in sustainability, and with the universal acceptance of data driven design, it is widely acknowledged that integrative design completed in a comprehensive way is the process that will lead to a more sustainable and responsible built environment. Organized in order of the design process itself-pre-design, schematic design, and design development-this title demonstrates and instructs how design and technology are integrated. Another important feature of the text is how it clarifies the different ways in which the collateral organizations in architecture approach the discipline. This textbook brings together all the variations of terminology and the perspective of each organization in support of creating a comprehensive and integrative architectural design. Comprehensive and Integrative Architectural Design provides architecture students and faculty a definitive resource to assist them in executing an integrative solution to an architectural project. There are literally thousands of decisions that must be made when designing a building, from pre-design to schematic design to design development. With over 150 color illustrations, this text provides a framework for both instructors and students"--
Assigning source Provided by publisher.
650 #0 - SUBJECT ADDED ENTRY--TOPICAL TERM
Topical term or geographic name entry element Architecture
General subdivision Study and teaching.
650 #0 - SUBJECT ADDED ENTRY--TOPICAL TERM
Topical term or geographic name entry element Architecture and technology
General subdivision Study and teaching.
776 08 - ADDITIONAL PHYSICAL FORM ENTRY
Relationship information Online version:
Main entry heading Chiavaroli, Julius J.
Title Comprehensive and integrative architectural design
Place, publisher, and date of publication New York, NY : Routledge, 2022
International Standard Book Number 9781003167778
Record control number (DLC) 2021050969
906 ## - LOCAL DATA ELEMENT F, LDF (RLIN)
a 7
b cbc
c orignew
d 1
e ecip
f 20
g y-gencatlg
942 ## - ADDED ENTRY ELEMENTS (KOHA)
Source of classification or shelving scheme Dewey Decimal Classification
Koha item type English Book
Suppress in OPAC No
Holdings
Withdrawn status Lost status Source of classification or shelving scheme Damaged status Not for loan Home library Current library Date acquired Total Checkouts Full call number Barcode Date last seen Price effective from Koha item type
    Dewey Decimal Classification     CENTRAL TUWAIQ 07/01/2024   720.71 C48 2022 1000000024839 07/01/2024 07/01/2024 English Book